000 00897nam a22002777a 4500
003 CHAP
005 20220329134136.0
008 971013s1979 r 10010 d
010 _a16050
011 _a17022
035 _a21104
040 _cCHAP
090 _aFolleto 6941 (1977)
111 0 0 _aBiennial Symposium on Animal Reproduction (
_n13
_d: 1977
_c: Madison, Wis.)
_912642
245 _a(Proceedings)
260 _aChampaign, Ill. :
_bAmerican Society of Animal Science,
_c1979
300 _a74 p.
_b: ilus. ; gráfs.
590 _aBATCH-UPD
_b10
_c20130110
_lUCH01
_h1940
590 _aBATCH-UPD
_b10
_c20130410
_lUCH01
_h1303
590 _aBATCH-UPD
_b10
_c20130914
_lUCH01
_h2001
590 _aCONVERSION
_b10
_c20130109
_lUCH01
_h1310
650 1 4 _aReproducción animal.
_996028
901 _aBK
942 _cFOLL
949 _aFolleto 6941 (1977)
_bBC
_cFOLL
_d-49186
_eTS1
_i21104
_si
_t234.00
999 _c16050
_d16050